| 000 | 00621 a2200181 4500 | ||
|---|---|---|---|
| 003 | Nust | ||
| 005 | 20170207153204.0 | ||
| 040 | _cNust | ||
| 082 | _a621.382 | ||
| 100 | _aKhan, Muhammad Raees (MSCS) | ||
| 245 |
_aDesigning and developing real time data link _cMuhammad Raees Khan |
||
| 260 |
_bMCS,NUST _c2001 _aRawalpindi |
||
| 300 | _avi, 80, p.; | ||
| 505 | _aIntroduction (page-1), Radio link system (page-9), Digital communication fundamentals (page-23), Hardware components (page-33), System integration (page-49), Summary (page-60). | ||
| 538 | _aAlmirah No 69 Shelf No 1 | ||
| 610 | _aPG Thesis | ||
| 650 | _aMSCS | ||
| 942 | _cTHS | ||
| 999 |
_c181113 _d181113 |
||